000 01116cam a22003255a 4500
001 17716120
003 OSt
005 20150408114217.0
008 130429s2013 si g 000 0 eng
020 _a9781118247136
040 _aMa-Un
043 _af------
_aa------
082 0 0 _222
_a332.0415091767
_bKNI
100 1 _aKrichene, Noureddine
_944785
245 1 0 _aIslamic capital markets :
_btheory and practice /
_cNoureddine Krichene.
260 _aSingapore :
_bJohn Wiley & Sons Singapore Pte Ltd.,
_c2013
300 _axxv, 718 p. :
_bill. ;
_c26 cm.
490 1 _aWiley Finance
500 _aIncludes index.
650 _aInvestments
_xReligious aspects
_xIslam
_944786
650 _aInvestments
_zIslamic countries
_944787
650 _aBanks and banking
_zIslamic countries
_944788
650 _aCapital market
_zIslamic countries
_944789
650 _aFinancial instruments
_zIslamic countries
_944790
650 _aFinance (Islamic law)
_944791
650 _aBonds
_zIslamic countries
_944792
830 0 _aWiley finance series
_944793
942 _2ddc
_cBOOK
999 _c34932
_d269432